000
00272nam a2200109Ia 4500
008
200302s9999 xx 000 0 und d
100
_a
John Morris Dixon FAIA
245
_a
Urban Spaces No 5
260
_b
Visual Reference Publications Inc.,
260
_c
2007
300
_a
303
999
_c
5820
_d
5820